| 000 | 00557nam a22001217a 4500 | ||
|---|---|---|---|
| 008 | 230619b xxu||||| |||| 00| 0 eng d | ||
| 082 |
_a016.32 _bSCH |
||
| 100 | _cCharles E. Schamel, Mary Rephlo, Rodney Ross,David Kepley, Robert W.Coren and James Gregory Bradsher | ||
| 245 |
_aGuide to the Records of the United States House of Representatives at the National Archives _b1789-1989 _cBicentennial Edition _hPrepared under the Directional of Donald K.Anderson Clerk of the House of Representatives |
||
| 260 | _cJanuary 1989 | ||
| 300 | _a466p | ||
| 942 |
_2ddc _cBK |
||
| 999 |
_c1159 _d1159 |
||